| 000 | 00419nam a2200169Ia 4500 | ||
|---|---|---|---|
| 008 | 230524s9999 xx 000 0 und d | ||
| 020 | _a9789385152467 | ||
| 082 | _bANK | ||
| 100 |
_aAnkit Fadia _941766 |
||
| 245 | 0 | _aStretch your Technology Productivity | |
| 250 | _a1 | ||
| 260 |
_a New Delhi _bWestland _c2015 |
||
| 300 | _a146p; | ||
| 500 | _aQuantity Number: 1 | ||
| 650 |
_aMisalliance _941767 |
||
| 942 | _cBK | ||
| 999 |
_c56206 _d56206 |
||